000 00527nam a22001577a 4500
008 170926b xxu||||| |||| 00| 0 eng d
020 _a9715422888
082 _22001
_aDFil 899.211
_bP53
245 _aThe Rabbit and the lion (Tausug)/
_cDamiana Eugenio [Compiler and editor].
260 _aQuezon City:
_bUP Press,
_cc2001.
300 _apages 6-7;
_c23 cm.
500 _aPhilippine folk literature: the folk tales
650 0 _922708
_aFolklore.
650 0 _922709
_aPhilippine folk literature--Collections
942 _2ddc
_cDFIL
999 _c7486
_d7486